=LDR 00000nam 2200000 4500 =001 INLIS000000000040827 =005 20130612150402 =008 ***********************************ind** =035 ##$$a0010-061300000040827 =041 ##$$a ind =082 ##$$a 813 =090 ##$$a 813, Lin t =100 ##$$a Linz, Cathie =245 ##$$a Terjebak bersama sang sersan/ Cathie Linz; alih bahasa, Marietta Lily =260 ##$$a 2009 $b Jakarta =300 ##$$a 230 hlm., 18 cm =650 ##$$a Fiksi Dewasa =700 ##$$a Lily, Marietta =850 ##$$a NBPNMAT =990 ##$$a 21400613/BPAP-NTB/20142014